00830nam a2200241Ia 4500001000900000003000500009005001700014008004100031010001100072040000900083082002900092110003600121245010200157250001100259260003400270300001100304440003400315503000700349650005500356650006300411650005400474650006000528dia_6372CHAP20240208131238.0220117s1981 xx 000 0 und d a177757 cCHAP aC 346.048026972 M49 1981 aMéxico. Leyes, Decretos, etc. aLegislación sobre propiedad industrial, transferencia de tecnología e inversiones extranjeras a6a ed. aMéxico :b Porrúa,c1981 a556 p. aLeyes y códigos de México aD. aIndustrial propertyxLaw and legislationxMexico  aInversiones extranjerasxLeyes y legislaciónxMéxico  aInvestments, ForeignxLaw and legislationxMexico aPropiedad industrialxLeyes y legislaciónxMéxico